00273nam a2200109 a 4500008004100000050001700041100001600058245003300074246003800107260000900145350000900154120416s1968 xx |||||||||||||| || u aHB 171.5 Row aRowan, D. C10aOutput, inflation and growth aan introduction to macroeconomics c1968 a0.00